ऊन सावली (Record no. 833783)

MARC details
000 -LEADER
fixed length control field 00473nam a2200169Ia 4500
008 - FIXED-LENGTH DATA ELEMENTS--GENERAL INFORMATION
fixed length control field 110201s9999 xx 000 0 und d
082 ## - DEWEY DECIMAL CLASSIFICATION NUMBER
Item number B8296
Classification number KS 1246
100 ## - MAIN ENTRY--PERSONAL NAME
Personal name पै.शिरीष
245 ## - TITLE STATEMENT
Title ऊन सावली
260 ## - PUBLICATION, DISTRIBUTION, ETC. (IMPRINT)
Name of publisher, distributor, etc मनोरमा प्रकाशन
365 ## - TRADE PRICE
Price amount 200
600 ## - SUBJECT ADDED ENTRY--PERSONAL NAME
Personal name पै.शिरीष
630 ## - SUBJECT ADDED ENTRY--UNIFORM TITLE
Uniform title ऊन सावली
700 ## - ADDED ENTRY--PERSONAL NAME
Personal name पै.शिरीष
730 ## - ADDED ENTRY--UNIFORM TITLE
Uniform title ऊन सावली
942 ## - ADDED ENTRY ELEMENTS (KOHA)
Koha item type Book
Holdings
Withdrawn status Lost status Damaged status Not for loan Home library Current library Date acquired Cost, normal purchase price Total Checkouts Barcode Date last seen Cost, replacement price Price effective from Koha item type
        Prof.Manikrao Kirtane Vachanalaya, Vashi, Navi Mumbai Prof.Manikrao Kirtane Vachanalaya, Vashi, Navi Mumbai 02/01/2011 200.00   PMKV-B8296 02/01/2011 200.00 02/01/2011 Book